12 months in 45 seconds - Statistics

General Stats
  • This quiz has been taken 208 times
  • The average score is 10 of 12
Answer Stats
Order Answer % Correct
1 January
95%
7 July
94%
6 June
94%
3 March
93%
5 May
92%
4 April
90%
8 August
84%
10 October
81%
9 September
80%
2 February
78%
12 December
77%
11 November
77%
No matching quizzes found
Score Distribution
Percent of People with Each Score
Percentile by Number Answered
Your Score History
You have not taken this quiz